000 00729nam a22002177a 4500
003 UA-OsUOA
001 96509
007 ta
008 20130319b un ||||| |||| 00| 0 ukr d
100 _aДудка О.А.
090 _a330
_bД81
942 _cSA
040 _aUA-OsUOA
_bukr
_cUA-OsUOA
_dUA-OsUOA
245 _aМіжнародні та національні стандарти статистичного спостереження за послугами зовнішньоекономічної діяльності
300 _aС.34-39
955 _a0
041 _aukr
080 _a330
773 0 _w96495
_tСтатистика України
_dК.
_d2012
_g4
650 7 _a330 Економіка взагалі
_2UDC
999 _c382761
_d382761